000 00312 a2200145 4500
001 169588
020 _a
040 _cMagnum
100 _aEdim, Sheila Denyse Jamel
240 1 0 _aUma menina... bela
_lpor
245 1 0 _aUma menina... bela
362 0 _a1899
697 _aJ/ADOLESCENTE, NAMORO
942 _cBK
999 _c169588
_d169588